Nursing procedures. (Record no. 321)

MARC details
000 -LEADER
fixed length control field 00812cam a2200289 a 4500
001 - CONTROL NUMBER
control field 3925568
003 - CONTROL NUMBER IDENTIFIER
control field OSt
005 - DATE AND TIME OF LATEST TRANSACTION
control field 20210215114116.0
008 - FIXED-LENGTH DATA ELEMENTS--GENERAL INFORMATION
fixed length control field 920903s1993 paua b 001 0 eng c
010 ## - LIBRARY OF CONGRESS CONTROL NUMBER
LC control number 92049420
020 ## - INTERNATIONAL STANDARD BOOK NUMBER
International Standard Book Number 0874345502
040 ## - CATALOGING SOURCE
Original cataloging agency DNLM/DLC
Transcribing agency DLC
Modifying agency DLC
-- PHNSL
050 00 - LIBRARY OF CONGRESS CALL NUMBER
Classification number RT41
Item number .N886 1993
060 ## - NATIONAL LIBRARY OF MEDICINE CALL NUMBER
Classification number WY 100 N9755
082 00 - DEWEY DECIMAL CLASSIFICATION NUMBER
Classification number 610.73
Edition number 20
245 00 - TITLE STATEMENT
Title Nursing procedures.
250 ## - EDITION STATEMENT
Edition statement Student version.
260 ## - PUBLICATION, DISTRIBUTION, ETC.
Place of publication, distribution, etc. Springhouse, Pa. :
Name of publisher, distributor, etc. Springhouse Corp.,
Date of publication, distribution, etc. 1992.
300 ## - PHYSICAL DESCRIPTION
Extent xii, 788 p. :
Other physical details ill. ;
Dimensions 23 cm.
504 ## - BIBLIOGRAPHY, ETC. NOTE
Bibliography, etc. note Includes bibliographical references and index.
650 #0 - SUBJECT ADDED ENTRY--TOPICAL TERM
Topical term or geographic name entry element Nursing.
650 #2 - SUBJECT ADDED ENTRY--TOPICAL TERM
Topical term or geographic name entry element Nursing Care.
710 2# - ADDED ENTRY--CORPORATE NAME
Corporate name or jurisdiction name as entry element Springhouse Corporation.
906 ## - LOCAL DATA ELEMENT F, LDF (RLIN)
a 7
b cbc
c orignew
d 1
e ocip
f 19
g y-gencatlg
942 ## - ADDED ENTRY ELEMENTS (KOHA)
Source of classification or shelving scheme Library of Congress Classification
Koha item type Books
Holdings
Withdrawn status Lost status Source of classification or shelving scheme Damaged status Not for loan Home library Current library Shelving location Date acquired Full call number Barcode Date last seen Copy number Price effective from Koha item type Public note
    Library of Congress Classification     Public Health Nurses School Public Health Nurses School General Stacks 02/15/2021 RT41.N93 00809 02/15/2021 c.1 02/15/2021 Books ekp 15/02/21
    Library of Congress Classification     Public Health Nurses School Public Health Nurses School General Stacks 02/15/2021 RT41.N93 00810 02/15/2021 c.2 02/15/2021 Books ekp 15/02/21
    Library of Congress Classification     Public Health Nurses School Public Health Nurses School General Stacks 02/15/2021 RT41.N93 00811 02/15/2021 c.3 02/15/2021 Books ekp 15/02/21
    Library of Congress Classification     Public Health Nurses School Public Health Nurses School General Stacks 02/15/2021 RT41.N93 00812 02/15/2021 c.4 02/15/2021 Books ekp 15/02/21
Copyright © 2025 PHNS Library. All Rights Reserved.